| 000 | 01000cam a2200265 4500 | ||
|---|---|---|---|
| 008 | 000000n2000 000 0 eng u | ||
| 020 | _a0754610616 | ||
| 035 | _a(Sirsi) u108395 | ||
| 050 | _a384 | ||
| 100 | _aClark, Michael, Anthony | ||
| 245 | _aTeleworking in the countryside : home-based working in the information society. | ||
| 260 |
_aAldershot _bAshgate Publishing Limited _c2000 |
||
| 300 | _axii, 189p. ; 23cm. | ||
| 350 | _a37.50 | ||
| 520 | _aA study of the factors underpinning the development of rural teleworking and the characteristics and experiences of teleworking and teleworkers in Britain. Areas covered include the effect on the rural economy, the facilitation of, and demand for telework and telecottages. | ||
| 650 | _aTELEWORKING | ||
| 650 |
_aRural _96268 |
||
| 650 | _aHOMEWORKING | ||
| 650 | _aHOMEWORKERS | ||
| 650 | _aFLEXIBLE WORKING PRACTICES | ||
| 650 | _aTELECOTTAGES | ||
| 650 | _aWORKING FROM HOME | ||
| 690 | _aECONOMIC ISSUES | ||
| 942 | _n0 | ||
| 999 |
_c100782 _d100782 |
||